000 00535nam a2200145Ia 4500
008 151213s9999 xx 000 0 und d
100 _aসাজাহান সাকিদার
245 _aআবারও জেগে উঠবে এই ডুবোচর।
_cসাজাহান সাকিদার
260 _aঢাকা।
_bকর্ষণ্
_c2007
300 _a8692 p.
650 _aBangla
650 _aগল্প গ্রন্থ।
700 _aসাজাহান সাকিদার
999 _c4478
_d4478